| 000 | 02224nam a22003137a 4500 | ||
|---|---|---|---|
| 003 | OSt | ||
| 005 | 20250414152655.0 | ||
| 008 | 200203s2016 sp ||||er|||| 00| f spa d | ||
| 020 | _a9789588951027 | ||
| 040 |
_aCO-JMCR _cCO-JMCR |
||
| 041 | 1 |
_aspa _heng |
|
| 082 |
_aA-N _bGENd |
||
| 100 | 1 |
_aGenova, Lisa, _eautora _9142 |
|
| 245 | 1 | 3 |
_aEl destino de los O´Brien / _cLisa Genova ; traducción de Victoria Morera |
| 250 | _a1a. edición | ||
| 260 |
_aBarcelona ; Bogotá : _bEdiciones B, _c2016 |
||
| 300 |
_a395 páginas ; _c23 cm. |
||
| 490 | 0 | _aNovelas del alma | |
| 500 | _aIncluye datos biográficos de la autora. | ||
| 500 | _aTítulo original: Inside the O´Briens | ||
| 520 | _aJoe O'Brien es un oficial de policía de cuarenta y cuatro años del barrio católico irlandés de Charlestown, Massachusetts. Marido amantísimo, orgulloso padre de cuatro hijos veinteañeros y profesional respetado, comienza a experimentar ataques de confusión mental, inhabituales estallidos de mal humor y extraños movimientos involuntarios. Al principio atribuye dichos episodios al estrés de su trabajo, pero a medida que los síntomas empeoran acepta ir a ver a un neurólogo y recibe un diagnóstico que cambiará su vida y la de su familia para siempre: sufre la enfermedad de Huntington, también conocida como mal de San Vito. La de Huntington es una enfermedad neurodegenerativa letal para la cual no existe tratamiento ni cura. Cada uno de los cuatro hijos de Joe tiene un cincuenta por ciento de posibilidades de heredar el trastorno, y un sencillo análisis de sangre puede revelar su destino genético. Al tiempo que observa su probable futuro en los síntomas cada vez más graves de su padre, Katie, su hija de veintiún años, lucha con las preguntas que ese análisis impone en su joven vida. ¿Quiere saberlo? ¿Y si posee el gen? ¿Puede vivir con la constante ansiedad que supone no saberlo? | ||
| 546 | _aTraducido del inglés | ||
| 650 | 1 | 4 |
_aNovela estadounidense _912 |
| 650 | 1 | 4 |
_aEnfermedad de Huntington _xnovela _9143 |
| 650 | 1 | 4 |
_aNeurología _xnovela _9144 |
| 650 | 1 | 4 |
_aTrastornos genéticos _xdiagnóstico _9145 |
| 700 | 1 |
_aMorera, Victoria, _etraductora _9146 |
|
| 942 |
_2ddc _cBK |
||
| 999 |
_c6426 _d6426 |
||